000 00753nam a2200289Ia 4500
001 72128
003 IT-RoPAU
008 130308s9999 xx 000 0 und d
040 _aIT-RoPAU
040 _cIT-RoPAU
041 _aITALIANO
100 _aMorandini Morando
100 _gCodice Aut. SPICS: 3592
245 _aE' la pubblicitĂ  che si occupa di me
245 _bIndustria Dello spot (L')-1988
250 _a1a ed.
260 _aMILANO
260 _bComunicare
260 _c1988 [1° Ed.:1988 - Ed.Ling.Originale:1988]
300 _a"2 p. (prefazione: no ; testo: 2 [pagine: 15-16])"
650 _aSAGGI DI PUBBLICITA'
650 _eCodice materia Spics: 6211
942 _cBK
957 _71
999 _c48740
_d48740
999 _bSI
999 _g1